Statistics for Guess the Football Team A-Z

Click here to take the quiz!

General Stats

  • This quiz has been taken 350 times
  • The average score is 20 of 25

Answer Stats

LetterLeague HintPlayer HintAnswer% Correct
CPremier LeagueN'golo KanteChelsea
97%
LPremier LeagueMo SalahLiverpool
95%
MPremier LeagueKevin de BruyneManchester City
95%
BBundesligaRobert LewandowskiBayern Munich
94%
DBundesligaErling HaalandDortmund
94%
RLa LigaKarim BenzemaReal Madrid
94%
TPremier LeagueHarry KaneTottenham
93%
JSerie AMatthijs de LigtJuventus
90%
ALa LigaLuis SuarezAtletico de Madrid
89%
EPremier LeagueRicharlisonEverton
89%
ISerie ALautaro MartinezInter Milan
89%
NSerie ALorenzo InsigneNapoli
86%
WPremier LeagueDeclan RiceWest Ham
82%
PPrimeira LigaPepePorto
81%
SLa LigaIvan RakiticSevilla
80%
FChampionshipAleksandar MitrovicFulham
77%
GTurkish Super LigFernando MusleraGalatasaray
75%
VLa LigaCarlos SolerValencia
73%
USerie ARoberto PereyraUdinese
64%
QChampionshipAndre GrayQueens Park Rangers
63%
HBundesligaAndrej KramaricHoffenheim
59%
OLigue 1Steve MandandaOlympique Marseille
59%
YSwiss Super LeagueChristian FassnachtYoung Boys
56%
KBundesligaTimo HornKoln
55%
ZRussian Premier LeagueDejan LovrenZenit St. Petersburg
37%

Score Distribution

Percentile by Number Answered

Percent of People with Each Score

Your Score History

You have not taken this quiz